LEADER 01107nam0-2200313---450- 001 990010035080403321 005 20160203114516.0 035 $a001003508 035 $aFED01001003508 035 $a(Aleph)001003508FED01 035 $a001003508 100 $a20160203d1982----km-y0itay50------ba 101 0 $amul 102 $aIT 105 $aa-------101yy 200 1 $aSesto congresso internazionale sulle murature in mattoni$eRoma 16-19 maggio 1982$fANDIL - Associazione Nazionale degli Industriali dei Laterizi 210 $aRoma$cLaterconsult$d1982 215 $aXCV, 1656 p.$cill.$d26 cm 300 $aTesto in italiano, inglese, francese, tedesco 300 $aIn testa al frontespizio : 6.th I. B. Ma. C., 6.th International Brick Masonry Conference 510 1 $aSixth international brick masonry conference 510 1 $aSixieme congres international sur la maconnerie en briques 510 1 $aSechste internationale Mauerwerkskonferenz 801 0$aIT$bUNINA$gRICA$2UNIMARC 901 $aBK 912 $a990010035080403321 952 $aTRONC 110$fDARPU 959 $aDARPU 997 $aUNINA LEADER 02029nam 2200385 n 450 001 996396022803316 005 20200824121317.0 035 $a(CKB)3810000000018703 035 $a(EEBO)2248527277 035 $a(UnM)99857357e 035 $a(UnM)99857357 035 $a(EXLCZ)993810000000018703 100 $a19921209d1639 uy | 101 0 $aeng 135 $aurbn||||a|bb| 200 02$aA learned and godly sermon preached on the XIX. day of December, anno Dom. MDCXXXI. at the funerall of Mr. Robert Bolton Batchelour in Divinity and minister of Broughton in Northampton-Shire. By Mr. Nicolas Estvvick, Batchelour in Divinity, and sometimes fellow of Christs College in Cambridge, and now minister of Warkton in Northampton-Shire. Revised and somewhat enlarged by the author, and now at the importunity of some friends published$b[electronic resource] 210 $aLondon $cPrinted by George Miller dwelling in Black-Friers$d1639 215 $a[2], 70 p 300 $aRunning title reads: A sermon preached at the funerall of Mr. Bolton. 300 $aUsually found as part 2 of STC 3245. 300 $aReproduction of the original in the British Library. 330 $aeebo-0018 606 $aFuneral sermons$vEarly works to 1800 606 $aSermons, English$y17th century 615 0$aFuneral sermons 615 0$aSermons, English 700 $aEstwick$b Nicolas$01002080 801 0$bCu-RivES 801 1$bCu-RivES 801 2$bCStRLIN 801 2$bWaOLN 906 $aBOOK 912 $a996396022803316 996 $aA learned and godly sermon preached on the XIX. day of December, anno Dom. MDCXXXI. at the funerall of Mr. Robert Bolton Batchelour in Divinity and minister of Broughton in Northampton-Shire. By Mr. Nicolas Estvvick, Batchelour in Divinity, and sometimes fellow of Christs College in Cambridge, and now minister of Warkton in Northampton-Shire. Revised and somewhat enlarged by the author, and now at the importunity of some friends published$92339277 997 $aUNISA